LEADER 00989nam0-2200349---450- 001 990008207910403321 005 20051018131631.0 020 $aIT$b89-2340 035 $a000820791 035 $aFED01000820791 035 $a(Aleph)000820791FED01 035 $a000820791 100 $a20051018d1986----km-y0itay50------ba 101 0 $aita 102 $aIT 105 $ay---n----00yy 200 1 $aSertorio$fPlutarco$ga cura di Pasquale Martino$gcon una nota di Luciano Canfora 210 $aPalermo$cSellerio$d1986 215 $a87 p.$d17 cm 225 1 $a<>memoria 300 $aTrad. di Pasquale Martino 311 $aDa 676 $a937.050924$v19$zita 700 0$aPlutarchus$f$0158213 702 1$aMartino,$bPasquale 801 0$aIT$bUNINA$gRICA$2UNIMARC 901 $aBK 912 $a990008207910403321 952 $aDDR-Fonti II- Plutarchus Tr.2A Sertorius 1$b232/86 ddr$fDDR$m21-8578 959 $aDDR 996 $aSertorio$9739977 997 $aUNINA LEADER 01338nam0 22003493i 450 001 CAG1152132 005 20251003044103.0 010 $a0444426140 100 $a20090401d1986 ||||0itac50 ba 101 | $aeng 102 $anl 181 1$6z01$ai $bxxxe 182 1$6z01$an 200 1 $aComputer-aided design, selection and evaluation of robots$fby Bartholomew O. Nnaji 210 $aAmsterdam [etc.]$cElsevier$d1986 215 $aXIV, 292 p.$cill.$d25 cm. 225 | $aManufacturing research and technology$v2 410 0$1001MIL0241890$12001 $aManufacturing research and technology$v2 606 $aAutomi$2FIR$3CFIC015972$9E 676 $a629.8$9INGEGNERIA DEI CONTROLLI AUTOMATICI$v14 676 $a629.892$9CONTROLLO AUTOMATICO MEDIANTE ELABORATORE. ROBOT$v22 696 $aRobot 699 $aAutomi$yRobot 700 1$aNnaji$b, Bartholomew O.$f <1956- >$3PUVV077085$4070$0491127 801 3$aIT$bIT-000000$c20090401 850 $aIT-BN0095 901 $bNAP 01$cSALA DING $n$ 912 $aCAG1152132 950 0$aBiblioteca Centralizzata di Ateneo$c1 v.$d 01SALA DING 629.8 NNA.co$e 0102 0000001695 VMA A4 1 v.$fY $h19930413$i19930413 977 $a 01 996 $aComputer-aided design, selection and evaluation of robots$9333969 997 $aUNISANNIO